[Event "5. Oeffinger Schachopen 2014"]
[Site "Fellbach"]
[Date "2014.06.08"]
[Round "4.5"]
[White "Schnepp, Gunnar (FM)"]
[Black "Wohlfahrt, Michael"]
[Result "1-0"]
[WhiteElo "2303"]
[BlackElo "1849"]
[PlyCount "111"]
[EventDate "2014.??.??"]

1. Nf3 d5 2. c4 c6 3. e3 Nf6 4. Nc3 e6 5. d4 Nbd7 6. Bd3 dxc4 7. Bxc4 b5 8. Bd3
Bb7 9. e4 b4 10. Na4 Be7 11. Qe2 Qa5 12. b3 O-O 13. e5 Nd5 14. Qe4 g6 15. h4
Ba6 16. Bxa6 Qxa6 17. h5 N7b6 18. Nxb6 Nc3 19. Qe3 axb6 20. Bd2 Qb5 21. a4 Qd5
22. Bxc3 bxc3 23. Qxc3 Qe4+ 24. Qe3 Qxe3+ 25. fxe3 b5 26. Kf2 bxa4 27. bxa4 Ra6
28. hxg6 fxg6 29. g4 Rfa8 30. Rac1 Rb8 31. Rc2 Rb4 32. Rhc1 Rbxa4 33. Rxc6 Rxc6
34. Rxc6 Kf7 35. Rc7 h6 36. g5 h5 37. Nh4 Ke8 38. Nxg6 Bxg5 39. Rh7 Ra3 40. Nf4
Bxf4 41. exf4 Rd3 42. Rxh5 Rxd4 43. Kg3 Kf7 44. Rh7+ Kg6 45. Re7 Kf5 46. Rf7+
Kg6 47. Rf6+ Kh5 48. Rxe6 Rd3+ 49. Kf2 Kg4 50. Rf6 Ra3 51. e6 Ra2+ 52. Ke3 Ra1
53. Kd2 Ra2+ 54. Kd3 Ra1 55. e7 Re1 56. Rf7 1-0

[Event "5. Oeffinger Schachopen 2014"]
[Site "Fellbach"]
[Date "2014.06.08"]
[Round "4.6"]
[White "Quernheim, Daniel"]
[Black "Graf, Michael"]
[Result "1-0"]
[WhiteElo "2032"]
[BlackElo "1830"]
[PlyCount "67"]
[EventDate "2014.??.??"]

1. d4 Nf6 2. c4 e5 3. dxe5 Ng4 4. Bf4 Bb4+ 5. Nc3 Nc6 6. Nf3 Qe7 7. Qb3 Na5 8.
Qc2 Nc6 9. a3 Bxc3+ 10. Qxc3 f6 11. exf6 Nxf6 12. g3 O-O 13. Bg2 d6 14. O-O Ne4
15. Qd3 Bf5 16. Nh4 Nxg3 17. Qxg3 Nd4 18. Bd5+ Be6 19. Qg5 Rf6 20. Bg3 Nxe2+
21. Kh1 Bxd5+ 22. Qxd5+ Kh8 23. Rae1 Re8 24. Ng2 Rh6 25. Nf4 Nxg3+ 26. fxg3
Qxe1 27. Rxe1 Rxe1+ 28. Kg2 Rb1 29. Qf7 Rxb2+ 30. Kf1 Rb1+ 31. Kg2 Rb2+ 32. Kf3
Rb3+ 33. Ke4 d5+ 34. cxd5 1-0

[Event "5. Oeffinger Schachopen 2014"]
[Site "Fellbach"]
[Date "2014.06.08"]
[Round "4.7"]
[White "Zehring, Mathias"]
[Black "Willems, Sebastian"]
[Result "0-1"]
[WhiteElo "1890"]
[BlackElo "2006"]
[PlyCount "50"]
[EventDate "2014.??.??"]

1. e4 d5 2. exd5 Nf6 3. d4 Bg4 4. Be2 Bxe2 5. Nxe2 Qxd5 6. O-O Nc6 7. b3 O-O-O
8. c4 Qh5 9. Bf4 e5 10. Bg3 exd4 11. Nd2 d3 12. Nc3 Qxd1 13. Rfxd1 Bb4 14. Nde4
Nxe4 15. Nxe4 Rhe8 16. f3 Nd4 17. Kf1 Nc2 18. Bf4 Nxa1 19. Rxa1 f5 20. Nd2 Re2
21. Rd1 Rde8 22. h3 h6 23. h4 g5 24. hxg5 hxg5 25. Bxg5 Rh8 0-1

[Event "5. Oeffinger Schachopen 2014"]
[Site "Fellbach"]
[Date "2014.06.08"]
[Round "4.8"]
[White "Alber, Wilhelm"]
[Black "Vaysberg, Alexander"]
[Result "0-1"]
[WhiteElo "1885"]
[BlackElo "2178"]
[PlyCount "68"]
[EventDate "2014.??.??"]

1. Nf3 Nf6 2. c4 g6 3. Nc3 Bg7 4. d4 O-O 5. e4 d6 6. h3 Nbd7 7. Be3 e5 8. d5
Nc5 9. Qc2 a5 10. Bd3 Nh5 11. O-O Nxd3 12. Qxd3 f5 13. b3 f4 14. Bd2 g5 15. Nh2
Nf6 16. g4 fxg3 17. Qxg3 h6 18. Ng4 Nh5 19. Qh2 Nf4 20. f3 Qe8 21. Nb5 Rf7 22.
Bxf4 exf4 23. Rad1 h5 24. Nf2 a4 25. b4 a3 26. Kh1 Be5 27. Rg1 Rg7 28. Rxg5
Rxg5 29. Nxc7 Qd8 30. Nxa8 Bd7 31. Rg1 Rg3 32. Nd3 Kh7 33. Rxg3 fxg3 34. Qg1
Qh4 0-1

[Event "5. Oeffinger Schachopen 2014"]
[Site "Fellbach"]
[Date "2014.06.08"]
[Round "4.2"]
[White "Franz, Michael"]
[Black "Holzhäuer, Mathias (FM)"]
[Result "0-1"]
[WhiteElo "1952"]
[BlackElo "2287"]
[PlyCount "82"]
[EventDate "2014.??.??"]

1. e4 d5 2. exd5 Nf6 3. d4 Bg4 4. Be2 Bxe2 5. Nxe2 Qxd5 6. O-O Nc6 7. Nbc3 Qf5
8. d5 Nb4 9. Nd4 Qd7 10. Qe2 Nbxd5 11. Nxd5 Qxd5 12. Be3 a6 13. Rfd1 e6 14. a4
Qh5 15. Qxh5 Nxh5 16. Nb3 Bd6 17. c4 O-O 18. Rd2 Nf6 19. f3 Bb4 20. Rd3 Rfd8
21. Rad1 Rxd3 22. Rxd3 Kf8 23. Bf4 Ke7 24. Kf2 Rd8 25. Ke2 Rxd3 26. Kxd3 Bd6
27. Bxd6+ Kxd6 28. Nd2 a5 29. g3 h6 30. Kd4 e5+ 31. Kc3 Nd7 32. b3 Nc5 33. Nf1
Ne6 34. Nd2 Nc5 35. Nf1 g6 36. Nd2 f5 37. Nf1 Ne6 38. Nd2 Kc5 39. Nf1 Nd4 40.
Nd2 h5 41. Kd3 Nxf3 0-1

[Event "5. Oeffinger Schachopen 2014"]
[Site "Fellbach"]
[Date "2014.06.08"]
[Round "4.3"]
[White "Degenhardt, Horst (FM)"]
[Black "Vrabac, Branko"]
[Result "1/2-1/2"]
[WhiteElo "2254"]
[BlackElo "2011"]
[PlyCount "45"]
[EventDate "2014.??.??"]

1. e4 d5 2. exd5 Qxd5 3. Nc3 Qd6 4. d4 Nf6 5. Nf3 a6 6. Bd3 Bg4 7. h3 Bh5 8.
O-O e6 9. Ne4 Nxe4 10. Bxe4 c6 11. c3 Bg6 12. Bxg6 hxg6 13. Ne5 Nd7 14. Bf4
Nxe5 15. Bxe5 Qd7 16. Qc2 Rh7 17. Rfe1 Bd6 18. c4 Bxe5 19. dxe5 O-O-O 20. Rad1
Qe7 21. Rxd8+ Qxd8 22. Rd1 Qc7 23. Qd2 1/2-1/2

[Event "5. Oeffinger Schachopen 2014"]
[Site "Fellbach"]
[Date "2014.06.07"]
[Round "3.17"]
[White "Marzev, Ivan"]
[Black "Hahn, Martin"]
[Result "1-0"]
[WhiteElo "1967"]
[BlackElo "1769"]
[PlyCount "89"]
[EventDate "2014.??.??"]

1. c4 c5 2. Nc3 g6 3. Nf3 Bg7 4. d4 cxd4 5. Nxd4 Nc6 6. e3 Nf6 7. Be2 O-O 8.
O-O d5 9. cxd5 Nxd5 10. Nxd5 Qxd5 11. Bf3 Qc5 12. Nxc6 bxc6 13. Qa4 Bd7 14. Rd1
Rfd8 15. Bd2 a5 16. Rac1 Qf5 17. Bc3 Bxc3 18. Rxc3 Be8 19. h3 Rxd1+ 20. Qxd1
Qf6 21. Qc2 Rc8 22. Ra3 Rb8 23. b3 Qa1+ 24. Kh2 Qe5+ 25. g3 h5 26. h4 Rb4 27.
Kg2 Bd7 28. Bxc6 Bf5 29. Qd2 Kg7 30. Bf3 Be6 31. Qd8 Rb5 32. Ra4 Qf5 33. Qxe7
Qh3+ 34. Kg1 Qf5 35. Be4 Qe5 36. Bf3 Rc5 37. Qd8 Rc1+ 38. Kg2 Qf5 39. Qd4+ Kh7
40. g4 Qb1 41. Rxa5 hxg4 42. Rh5+ gxh5 43. Be4+ Qxe4+ 44. Qxe4+ Kg7 45. Qe5+
1-0

[Event "5. Oeffinger Schachopen 2014"]
[Site "Fellbach"]
[Date "2014.06.08"]
[Round "5.20"]
[White "Gibicar, Marc"]
[Black "Naundorf, Jo"]
[Result "1-0"]
[WhiteElo "1917"]
[BlackElo "1725"]
[PlyCount "63"]
[EventDate "2014.??.??"]

1. d4 f5 2. e4 fxe4 3. Nc3 Nf6 4. Bg5 e6 5. Nxe4 Be7 6. Bxf6 Bxf6 7. Qh5+ g6 8.
Qh6 Nc6 9. Nf3 Nxd4 10. Nxd4 Bxd4 11. O-O-O Bf6 12. h4 d5 13. h5 Kf7 14. Nxf6
Qxf6 15. hxg6+ Qxg6 16. Qf4+ Ke7 17. Qxc7+ Bd7 18. Qc5+ Kd8 19. Bd3 Qg5+ 20. f4
Qxf4+ 21. Kb1 b6 22. Qc3 d4 23. Qa3 Bc6 24. Rhf1 Qc7 25. Ba6 e5 26. c3 Bxg2 27.
Rf8+ Rxf8 28. Qxf8+ Kd7 29. Qg7+ Kd6 30. Qxg2 Rf8 31. cxd4 exd4 32. Qg3+ 1-0

[Event "5. Oeffinger Schachopen 2014"]
[Site "Fellbach"]
[Date "2014.06.07"]
[Round "2.32"]
[White "Hahn, Martin"]
[Black "Glatthaar, Sebastian"]
[Result "1-0"]
[WhiteElo "1769"]
[BlackElo "1406"]
[PlyCount "53"]
[EventDate "2014.??.??"]

1. b3 e5 2. Bb2 d6 3. e3 Nf6 4. d4 exd4 5. Qxd4 Nc6 6. Bb5 Bd7 7. Qd2 Ne5 8.
Bxd7+ Qxd7 9. Nc3 O-O-O 10. h3 h5 11. O-O-O g5 12. Nge2 Bh6 13. Kb1 Qf5 14. Ng3
Qg6 15. f3 a6 16. Nd5 Nxd5 17. Qxd5 Rhe8 18. e4 g4 19. hxg4 hxg4 20. Nf5 Bg5
21. Rhf1 gxf3 22. gxf3 Bf4 23. Rg1 Qe6 24. Qa5 Nxf3 25. Ng7 Qxe4 26. Nxe8 Nxg1
27. Qxc7# 1-0

[Event "5. Oeffinger Schachopen 2014"]
[Site "Fellbach"]
[Date "2014.06.08"]
[Round "4.4"]
[White "Baric, Andrej"]
[Black "Syed, Tareq"]
[Result "1/2-1/2"]
[WhiteElo "1766"]
[BlackElo "2041"]
[PlyCount "115"]
[EventDate "2014.??.??"]

1. Nf3 d6 2. c4 Nf6 3. g3 c6 4. Bg2 e5 5. d3 Be7 6. Nc3 O-O 7. Nd2 Be6 8. a3
Qd7 9. b4 Bh3 10. O-O Na6 11. e3 Nc7 12. d4 Bxg2 13. Kxg2 exd4 14. exd4 d5 15.
Re1 Ne6 16. cxd5 Nxd5 17. Bb2 Rfe8 18. Nf3 Nxc3 19. Bxc3 Rad8 20. Qb3 Nf4+ 21.
Kh1 Qh3 22. Rg1 Ne2 23. Ne5 Qe6 24. Rgb1 Qxb3 25. Rxb3 Nxc3 26. Rxc3 Rxd4 27.
Re3 Bf6 28. Rae1 Bxe5 29. Rxe5 Rxe5 30. Rxe5 Kf8 31. Re3 Rd7 32. Kg2 Re7 33.
Rc3 Ke8 34. Kf3 Kd7 35. h4 Re5 36. Rc4 h5 37. Kf4 f6 38. Rc3 a5 39. bxa5 Rxa5
40. Rd3+ Kc7 41. Re3 g5+ 42. hxg5 fxg5+ 43. Ke4 Kd6 44. Rb3 Re5+ 45. Kd4 b5 46.
Rc3 Rf5 47. f3 c5+ 48. Ke3 Re5+ 49. Kd2 c4 50. a4 Kc5 51. axb5 Kxb5 52. f4 gxf4
53. gxf4 Rf5 54. Rh3 Kb4 55. Kc2 Rxf4 56. Rxh5 Rf2+ 57. Kc1 c3 58. Rh8 1/2-1/2

[Event "5. Oeffinger Schachopen 2014"]
[Site "Fellbach"]
[Date "2014.06.08"]
[Round "5.8"]
[White "Zirlik, Rudi"]
[Black "Pudmensky, Stefan"]
[Result "1-0"]
[WhiteElo "2008"]
[BlackElo "1829"]
[PlyCount "85"]
[EventDate "2014.??.??"]

1. d4 Nf6 2. g3 d5 3. Bg2 c6 4. c4 e6 5. Nc3 Bb4 6. a3 Bxc3+ 7. bxc3 Nbd7 8. a4
O-O 9. a5 Ne4 10. Qc2 Nef6 11. Nh3 e5 12. cxd5 cxd5 13. O-O exd4 14. cxd4 Nb8
15. Bg5 Be6 16. e4 dxe4 17. Nf4 Qxd4 18. Bxf6 Qxf6 19. Bxe4 Nc6 20. Bxh7+ Kh8
21. Be4 Rac8 22. Qc5 a6 23. Rab1 Ne5 24. Qb4 Nc6 25. Qxb7 Nxa5 26. Qxa6 Nc4 27.
Rb5 g6 28. Bxg6 Nd2 29. Rh5+ Kg7 30. Rd5 Nf3+ 31. Kh1 Qxf4 32. gxf4 Bxd5 33.
Bh5 Nd2+ 34. f3 Nxf1 35. Qxf1 Rc2 36. Qa1+ Kh7 37. Qe5 Rc1+ 38. Kg2 Rc2+ 39.
Kh3 Be6+ 40. f5 Bc4 41. f6 Bf1+ 42. Kh4 Rc4+ 43. Bg4 1-0

[Event "5. Oeffinger Schachopen 2014"]
[Site "Fellbach"]
[Date "2014.06.08"]
[Round "5.2"]
[White "Shishkin, Vadim (GM)"]
[Black "Baric, Andrej"]
[Result "1-0"]
[WhiteElo "2489"]
[BlackElo "1766"]
[PlyCount "55"]
[EventDate "2014.??.??"]

1. d4 Nf6 2. c4 g6 3. Nc3 Bg7 4. e4 d6 5. Be2 O-O 6. Be3 e5 7. d5 Nbd7 8. g4
Ne8 9. h4 f5 10. gxf5 gxf5 11. exf5 Ndf6 12. h5 Bxf5 13. h6 Bh8 14. Nf3 Kf7 15.
Ng5+ Ke7 16. Bd3 Qd7 17. Qc2 Bxd3 18. Qxd3 Qg4 19. Kd2 e4 20. Qc2 c6 21. Rag1
Qf5 22. Qb3 Nd7 23. Ncxe4 Nef6 24. Ng3 Qg6 25. Re1 Ne5 26. f4 Nf3+ 27. Nxf3
Qxg3 28. Bf2+ 1-0

[Event "5. Oeffinger Schachopen 2014"]
[Site "Fellbach"]
[Date "2014.06.08"]
[Round "5.3"]
[White "Willems, Sebastian"]
[Black "Degenhardt, Horst (FM)"]
[Result "0-1"]
[WhiteElo "2006"]
[BlackElo "2254"]
[PlyCount "42"]
[EventDate "2014.??.??"]

1. c4 e5 2. Nc3 Bb4 3. Qc2 Nc6 4. Nf3 Nf6 5. a3 Bxc3 6. Qxc3 Qe7 7. e3 d5 8.
cxd5 Nxd5 9. Qb3 Nb6 10. Bb5 O-O 11. Bxc6 bxc6 12. d4 exd4 13. O-O Ba6 14. Re1
d3 15. Qc3 c5 16. b4 c4 17. e4 Na4 18. Qd2 c3 19. Qg5 Qxg5 20. Nxg5 d2 21. Re3
f6 0-1

[Event "5. Oeffinger Schachopen 2014"]
[Site "Fellbach"]
[Date "2014.06.09"]
[Round "7.21"]
[White "Engelhardt, Frank"]
[Black "Hahn, Martin"]
[Result "1/2-1/2"]
[WhiteElo "1876"]
[BlackElo "1769"]
[PlyCount "58"]
[EventDate "2014.??.??"]

1. d4 e6 2. Bf4 d5 3. e3 c5 4. Nf3 Nf6 5. Nbd2 Nc6 6. c3 Bd6 7. Bxd6 Qxd6 8.
Bd3 O-O 9. O-O e5 10. dxe5 Nxe5 11. Nxe5 Qxe5 12. Nf3 Qc7 13. h3 b6 14. Rc1 a5
15. a4 Re8 16. Qc2 h6 17. Rfd1 Be6 18. Bf5 Rad8 19. c4 Bxf5 20. Qxf5 dxc4 21.
Rxd8 Rxd8 22. Qc2 Rd6 23. Qxc4 Qd8 24. Kh2 Qe7 25. Qf4 Nd7 26. Rc2 Qf6 27. Qxf6
Nxf6 28. Ne5 Kf8 29. Nc4 Re6 1/2-1/2

[Event "5. Oeffinger Schachopen 2014"]
[Site "Fellbach"]
[Date "2014.06.09"]
[Round "6.32"]
[White "Hahn, Martin"]
[Black "Vukalic, Edin"]
[Result "1-0"]
[WhiteElo "1769"]
[BlackElo "1520"]
[PlyCount "115"]
[EventDate "2014.??.??"]

1. b3 e5 2. Bb2 d6 3. e3 Be6 4. Nf3 Nd7 5. c4 h6 6. Nc3 f5 7. d4 e4 8. Nd2 Ngf6
9. Be2 Bf7 10. Qc2 c6 11. O-O d5 12. a4 Be7 13. Rae1 O-O 14. f3 Bg6 15. Qc1 Rc8
16. Ba3 a6 17. Qb2 Kh7 18. fxe4 dxe4 19. Bxe7 Qxe7 20. b4 b6 21. c5 bxc5 22.
bxc5 Rb8 23. Qa3 a5 24. Nc4 Qd8 25. Rb1 Qc7 26. Rxb8 Rxb8 27. Nd6 Ng4 28. Bxg4
fxg4 29. Ncxe4 Bxe4 30. Nxe4 Rf8 31. Rxf8 Nxf8 32. Qd3 Kh8 33. Nd6 g6 34. Qe4
h5 35. Qe8 Kg7 36. Qa8 Kg8 37. Qb7 Ne6 38. Qxc7 Nxc7 39. Nb7 Nd5 40. Nxa5 Nxe3
41. Nxc6 Nd5 42. a5 Kf8 43. Kf2 Ke8 44. h4 gxh3 45. gxh3 g5 46. Kf3 Kd7 47.
Ne5+ Kc7 48. Nf7 g4+ 49. hxg4 hxg4+ 50. Kxg4 Kb7 51. Nd6+ Ka6 52. Kf5 Ne7+ 53.
Ke6 Nc6 54. d5 Nxa5 55. Kd7 Nb3 56. c6 Nc5+ 57. Kd8 Kb6 58. c7 1-0

[Event "5. Oeffinger Schachopen 2014"]
[Site "Fellbach"]
[Date "2014.06.08"]
[Round "5.4"]
[White "Vrabac, Branko"]
[Black "Heining, Thomas"]
[Result "0-1"]
[WhiteElo "2011"]
[BlackElo "2117"]
[PlyCount "82"]
[EventDate "2014.??.??"]

1. f4 c5 2. b3 Nc6 3. Nf3 d6 4. Bb2 e6 5. e3 Nf6 6. Bd3 Be7 7. a3 Rb8 8. Nc3 a6
9. O-O b5 10. a4 c4 11. Be2 b4 12. Na2 cxb3 13. cxb3 O-O 14. Bd3 Bb7 15. Qe2
Na5 16. Bxf6 Bxf6 17. Rab1 Qb6 18. Nc1 g6 19. Ng5 e5 20. Ne4 Bg7 21. f5 d5 22.
Ng3 e4 23. Bc2 Rbc8 24. d4 Rc3 25. Rd1 Bh6 26. Nf1 Rfc8 27. Rb2 gxf5 28. Na2
R3c7 29. Qd2 Nc6 30. Qf2 Ne7 31. Rd2 a5 32. Bd1 Qg6 33. Rbc2 Ba6 34. Rxc7 Rxc7
35. Rc2 Rxc2 36. Bxc2 Bxf1 37. Kxf1 Qg5 38. Ke2 Qh5+ 39. Kd2 Qxh2 40. Qe2 Qg3
41. Bd1 Nc6 0-1

[Event "5. Oeffinger Schachopen 2014"]
[Site "Fellbach"]
[Date "2014.06.08"]
[Round "5.5"]
[White "Koch, Martin"]
[Black "Quernheim, Daniel"]
[Result "1/2-1/2"]
[WhiteElo "2066"]
[BlackElo "2032"]
[PlyCount "86"]
[EventDate "2014.??.??"]

1. e4 Nf6 2. Nc3 d5 3. e5 Ne4 4. Nxe4 dxe4 5. d4 exd3 6. Bxd3 Nc6 7. Qe2 g6 8.
Bd2 Bg7 9. Bc3 Qd5 10. f4 Be6 11. Nf3 Bh6 12. Be4 Qc5 13. g3 O-O-O 14. Qf2
Qxf2+ 15. Kxf2 Bd5 16. Bxd5 Rxd5 17. Rhd1 Rhd8 18. Ke2 e6 19. Rxd5 Rxd5 20. Rd1
Rxd1 21. Kxd1 Kd7 22. Ke2 Ke8 23. Kd3 Bf8 24. Ke4 Bc5 25. g4 Ne7 26. Bd2 Bf2
27. c4 h6 28. Be3 Bxe3 29. Kxe3 Kd7 30. b4 Nc6 31. a3 a5 32. b5 Ne7 33. Kd4 b6
34. Nd2 Kd8 35. Ne4 Kd7 36. Nf6+ Kc8 37. Ke4 Kd8 38. Kd4 Kc8 39. c5 Kd8 40. c6
Kc8 41. Ke4 Kd8 42. Kf3 Kc8 43. h4 Kd8 1/2-1/2

[Event "5. Oeffinger Schachopen 2014"]
[Site "Fellbach"]
[Date "2014.06.08"]
[Round "5.6"]
[White "Vaysberg, Alexander"]
[Black "Dürr, Hanno"]
[Result "1-0"]
[WhiteElo "2178"]
[BlackElo "1908"]
[PlyCount "115"]
[EventDate "2014.??.??"]

1. e4 e5 2. Nc3 Nf6 3. Nf3 d6 4. d4 exd4 5. Qxd4 Nc6 6. Bb5 Bd7 7. Bxc6 Bxc6 8.
Bg5 Be7 9. O-O-O h6 10. Bh4 O-O 11. Rhe1 Nd7 12. Bg3 Bf6 13. Qe3 Re8 14. Nd4 a5
15. f4 Qe7 16. Kb1 Nc5 17. e5 dxe5 18. fxe5 Bg5 19. Qf2 Qf8 20. h4 Be7 21. Nxc6
bxc6 22. Qf3 Ne6 23. Qxc6 Reb8 24. Bf2 Qc8 25. Na4 Qb7 26. Qxb7 Rxb7 27. c3
Rab8 28. Kc2 c6 29. b3 Nf4 30. g3 Ne6 31. Re4 c5 32. Rd5 Rc8 33. Nb2 Kf8 34.
Ra4 Ra8 35. Nc4 Rba7 36. Nb6 Rd8 37. Rxd8+ Bxd8 38. Nc4 Bc7 39. b4 Ke7 40. bxc5
Ra6 41. Bd4 f6 42. exf6+ gxf6 43. Ne3 h5 44. Nd5+ Kf7 45. Nxc7 Nxc7 46. Kd3 Ke6
47. c4 Kf5 48. Bc3 Ne6 49. Rxa5 Rc6 50. Be1 Kg4 51. Ke4 Nc7 52. Bf2 Re6+ 53.
Kd3 Kf3 54. Bd4 Rc6 55. Rb5 Ra6 56. Rb6 Rxa2 57. Rxf6+ Kxg3 58. Be5+ 1-0

[Event "5. Oeffinger Schachopen 2014"]
[Site "Fellbach"]
[Date "2014.06.08"]
[Round "5.7"]
[White "Syed, Tareq"]
[Black "Franz, Michael"]
[Result "1/2-1/2"]
[WhiteElo "2041"]
[BlackElo "1952"]
[PlyCount "33"]
[EventDate "2014.??.??"]

1. d3 d5 2. g3 Nf6 3. Bg2 e6 4. Nd2 Be7 5. e4 dxe4 6. dxe4 O-O 7. Ngf3 Nc6 8.
O-O e5 9. c3 Be6 10. Qe2 Qd6 11. b4 Rad8 12. Ne1 Qd7 13. Kh1 Bg4 14. f3 Be6 15.
f4 g6 16. Qb5 Qc8 17. Qe2 1/2-1/2

[Event "5. Oeffinger Schachopen 2014"]
[Site "Fellbach"]
[Date "2014.06.09"]
[Round "6.1"]
[White "Degenhardt, Horst (FM)"]
[Black "Shishkin, Vadim (GM)"]
[Result "1/2-1/2"]
[WhiteElo "2254"]
[BlackElo "2489"]
[PlyCount "129"]
[EventDate "2014.??.??"]

1. e4 c5 2. Nc3 Nc6 3. Bb5 Nd4 4. Bc4 e6 5. Nf3 a6 6. d3 b5 7. Bb3 Nxb3 8. axb3
Bb7 9. O-O d6 10. Re1 Be7 11. Bd2 Nf6 12. e5 dxe5 13. Nxe5 O-O 14. Qe2 Qd4 15.
h3 b4 16. Na4 Qd8 17. Rad1 Rb8 18. d4 cxd4 19. Be3 Nd5 20. Bxd4 Qc7 21. Qc4
Rfc8 22. Qxc7 Rxc7 23. Nc4 Bf6 24. Bc5 Rd8 25. Bd6 Rcc8 26. Nc5 Bc6 27. Ne4 Bb5
28. Bc5 Be7 29. Bxe7 Nxe7 30. Ned6 Rb8 31. Nxb5 axb5 32. Ne3 f5 33. f4 Kf7 34.
Kf2 Nc6 35. c3 bxc3 36. bxc3 g6 37. Rxd8 Rxd8 38. Rd1 Rxd1 39. Nxd1 Na5 40. b4
Nc4 41. Ne3 Nd6 42. Ke2 Kf6 43. Kd3 g5 44. g3 Ne4 45. c4 bxc4+ 46. Kxc4 gxf4
47. gxf4 e5 48. fxe5+ Kxe5 49. Kd3 Nf2+ 50. Ke2 Nxh3 51. b5 Nf4+ 52. Kf3 Ne6
53. b6 Nd4+ 54. Kf2 Kd6 55. Kg3 h5 56. Ng2 Ne6 57. Kh4 f4 58. Kxh5 f3 59. Ne3
Kc6 60. Kg4 Nd4 61. Kg3 Kxb6 62. Nc4+ Kc5 63. Nd2 Kd5 64. Nxf3 Nxf3 65. Kxf3
1/2-1/2

[Event "5. Oeffinger Schachopen 2014"]
[Site "Fellbach"]
[Date "2014.06.09"]
[Round "6.2"]
[White "Heining, Thomas"]
[Black "Holzhäuer, Mathias (FM)"]
[Result "1/2-1/2"]
[WhiteElo "2117"]
[BlackElo "2287"]
[PlyCount "36"]
[EventDate "2014.??.??"]

1. e4 d5 2. exd5 Nf6 3. c4 e6 4. d4 exd5 5. Nc3 Be7 6. Nf3 O-O 7. Bd3 Nc6 8.
O-O Bg4 9. cxd5 Nb4 10. Bc4 Nbxd5 11. h3 Bh5 12. g4 Bg6 13. Ne5 c6 14. f4 Be4
15. Qe2 Nxc3 16. bxc3 Bd5 17. Bd3 b5 18. Qc2 h6 1/2-1/2

[Event "5. Oeffinger Schachopen 2014"]
[Site "Fellbach"]
[Date "2014.06.09"]
[Round "6.3"]
[White "Schnepp, Gunnar (FM)"]
[Black "Zirlik, Rudi"]
[Result "1-0"]
[WhiteElo "2303"]
[BlackElo "2008"]
[PlyCount "45"]
[EventDate "2014.??.??"]

1. Nf3 f5 2. e4 fxe4 3. Ng5 Nf6 4. d3 e3 5. Bxe3 e6 6. d4 b6 7. Bd3 g6 8. h4
Ba6 9. Nxh7 Bxd3 10. Nxf6+ Qxf6 11. Qxd3 Bh6 12. Nd2 Nc6 13. O-O-O O-O-O 14.
Nf3 Bxe3+ 15. fxe3 Kb8 16. Rdf1 Qg7 17. a3 Ne7 18. g4 Rdf8 19. Kb1 Nd5 20. c4
Ne7 21. Ne5 Rxf1+ 22. Rxf1 Nc6 23. Qxg6 1-0

[Event "5. Oeffinger Schachopen 2014"]
[Site "Fellbach"]
[Date "2014.06.09"]
[Round "6.4"]
[White "Quernheim, Daniel"]
[Black "Vaysberg, Alexander"]
[Result "1/2-1/2"]
[WhiteElo "2032"]
[BlackElo "2178"]
[PlyCount "152"]
[EventDate "2014.??.??"]

1. d4 Nf6 2. c4 c5 3. d5 b5 4. cxb5 a6 5. f3 e6 6. e4 Bb7 7. Nc3 exd5 8. exd5
d6 9. Nh3 Be7 10. Bg5 O-O 11. Qd2 Re8 12. Bc4 Nxd5 13. Kf2 Nxc3 14. bxc3 d5 15.
bxa6 Nxa6 16. Bxe7 Rxe7 17. Rhd1 Qc7 18. Bxd5 Rd7 19. c4 Bxd5 20. cxd5 c4 21.
Qf4 Qc5+ 22. Qd4 Rxd5 23. Qxc5 Rxc5 24. Nf4 Nb4 25. a3 Nc6 26. Rd5 Raa5 27.
Rad1 Rxd5 28. Rxd5 Rxa3 29. Rc5 Ra2+ 30. Kf1 Ne7 31. Rxc4 g6 32. Re4 Nf5 33.
Re2 Ra3 34. Kf2 h5 35. Nd5 Kg7 36. Ne3 Nd4 37. Rd2 Ne6 38. Nd5 Nc5 39. Nf4 Ra4
40. Nd5 Ne6 41. Ne3 Nd4 42. Rb2 g5 43. Nc2 Ne6 44. Ne3 Kg6 45. h3 Nf4 46. Rd2
h4 47. Nd5 Nh5 48. Ne3 Ra1 49. Nf1 Nf4 50. Ne3 Ne6 51. Nf1 Nf4 52. Ne3 Nh5 53.
Nf1 f5 54. Re2 Rxf1+ 55. Kxf1 Ng3+ 56. Kf2 Nxe2 57. Kxe2 Kf6 58. Kd2 Ke6 59.
Ke2 Kd6 60. Kd2 Ke5 61. Ke3 Kd5 62. Kd3 Ke5 63. Ke3 Kd6 64. Kd2 Ke7 65. Ke1 Kf6
66. Kf2 Ke6 67. Ke2 Kd5 68. Kd3 Kc5 69. Kc3 Kd5 70. Kd3 Ke5 71. Ke3 f4+ 72. Ke2
Kd4 73. Kd2 Kc4 74. Kc2 Kd4 75. Kd2 Kc4 76. Kc2 Kd4 1/2-1/2

[Event "5. Oeffinger Schachopen 2014"]
[Site "Fellbach"]
[Date "2014.06.09"]
[Round "6.5"]
[White "Pfrommer, Martin"]
[Black "Kolb, Roland"]
[Result "1/2-1/2"]
[WhiteElo "1970"]
[BlackElo "2015"]
[PlyCount "104"]
[EventDate "2014.??.??"]

1. e4 d6 2. d4 Nf6 3. Nc3 g6 4. Bg5 Bg7 5. e5 Nfd7 6. exd6 cxd6 7. Nf3 Qa5 8.
Be2 Nf6 9. Qd2 Bf5 10. h3 Na6 11. O-O O-O 12. a3 Rac8 13. g4 Bd7 14. Rac1 Qb6
15. Rb1 Qc7 16. Rfe1 Rfe8 17. Bd3 Rcd8 18. Re2 Qc8 19. Rbe1 Bxg4 20. Bxf6 Bxf6
21. Qf4 Bxh3 22. Nd5 Kg7 23. Rxe7 Bxe7 24. Rxe7 Qg4+ 25. Qxg4 Bxg4 26. Nh2 Rxe7
27. Nxe7 Be6 28. Bxa6 bxa6 29. Nc6 Re8 30. Nf1 Bd5 31. Nb4 Bb7 32. Ne3 a5 33.
Nd3 f6 34. c4 Rc8 35. b3 Be4 36. Nf4 Kf7 37. Ne2 Bb1 38. Nc3 Bd3 39. Nb5 Ke6
40. Nxa7 Rb8 41. d5+ Kd7 42. Nb5 g5 43. Ng4 Ke7 44. Nd4 Ra8 45. f3 h5 46. Nf2
Bb1 47. Nd1 Bd3 48. Kf2 h4 49. Nb2 Bb1 50. Na4 Kf7 51. Nc3 Bd3 52. Ncb5 Ke7
1/2-1/2

[Event "5. Oeffinger Schachopen 2014"]
[Site "Fellbach"]
[Date "2014.06.09"]
[Round "6.6"]
[White "Siegle, Florian"]
[Black "Koch, Martin"]
[Result "1-0"]
[WhiteElo "2003"]
[BlackElo "2066"]
[PlyCount "119"]
[EventDate "2014.??.??"]

1. g4 d5 2. h3 e5 3. Bg2 c6 4. d3 Be6 5. Nf3 f6 6. c3 Nd7 7. Be3 Bd6 8. Qb3 Qc7
9. Nbd2 Bf7 10. Qc2 Ne7 11. Nf1 c5 12. Bd2 Rb8 13. c4 d4 14. Ng3 Nc6 15. Nf5
Bf8 16. g5 g6 17. Nh6 Bxh6 18. gxh6 Be6 19. h4 Qd6 20. Ng1 Ne7 21. Qa4 a6 22.
b4 O-O 23. b5 f5 24. Nh3 Nf6 25. Ng5 Bd7 26. Qb3 f4 27. Bf3 Bg4 28. Rg1 Bxf3
29. exf3 Nf5 30. Ne4 Nxe4 31. fxe4 Nxh6 32. h5 Nf7 33. hxg6 hxg6 34. f3 Kg7 35.
Rg2 Rh8 36. Ke2 Kf6 37. Rb1 g5 38. Qa3 Ke7 39. Rb4 a5 40. Ra4 b6 41. Bxa5 bxa5
42. Rxa5 Rhg8 43. Ra7+ Kf6 44. Qa5 Rb6 45. Rh2 g4 46. Rxf7+ Kxf7 47. Qa7+ Kf6
48. Rh7 gxf3+ 49. Kf2 Qe6 50. Rh6+ Rg6 51. Rh5 Rg2+ 52. Ke1 Rd6 53. Qh7 Qg8 54.
Rf5+ Ke6 55. Rxe5+ Kf6 56. Qf5+ Kg7 57. Re7+ Kh6 58. Qxf4+ Kh5 59. Re5+ Rg5 60.
Qh2+ 1-0

[Event "5. Oeffinger Schachopen 2014"]
[Site "Fellbach"]
[Date "2014.06.09"]
[Round "6.7"]
[White "Gabriel, Josef"]
[Black "Weida, Alexander"]
[Result "1-0"]
[WhiteElo "2056"]
[BlackElo "1934"]
[PlyCount "77"]
[EventDate "2014.??.??"]

1. Nf3 Nf6 2. c4 g6 3. Nc3 Bg7 4. e4 d6 5. d4 O-O 6. h3 e5 7. d5 Nbd7 8. Bd3
Nh5 9. O-O Nf4 10. Bc2 h6 11. Kh2 Nf6 12. Ng1 g5 13. Nce2 c6 14. a4 Qe7 15. Ra3
Bd7 16. b4 b5 17. dxc6 Bxc6 18. Ng3 bxc4 19. Nf5 Qe6 20. f3 Rfd8 21. Ne2 d5 22.
Nxf4 gxf4 23. exd5 Nxd5 24. Qe1 Ne7 25. Nxe7+ Qxe7 26. Bxf4 Qd6 27. Bg3 Qd2 28.
Qb1 Qg5 29. b5 Bb7 30. Be4 Bxe4 31. Qxe4 Rac8 32. Bh4 Qf4+ 33. Qxf4 exf4 34.
Bxd8 Rxd8 35. Ra2 Rd5 36. Rb1 Bd4 37. a5 Rd6 38. Ra4 c3 39. Rc4 1-0

[Event "5. Oeffinger Schachopen 2014"]
[Site "Fellbach"]
[Date "2014.06.09"]
[Round "6.8"]
[White "Klaus, Dominik"]
[Black "Syed, Tareq"]
[Result "1/2-1/2"]
[WhiteElo "1973"]
[BlackElo "2041"]
[PlyCount "28"]
[EventDate "2014.??.??"]

1. d4 d6 2. c4 Nf6 3. Nc3 c6 4. e4 e5 5. Nf3 Nbd7 6. g3 Be7 7. Bg2 O-O 8. O-O
Re8 9. h3 b5 10. cxb5 cxb5 11. Be3 b4 12. Nd5 Nxd5 13. exd5 e4 14. Nd2 f5
1/2-1/2